| 000 | 00461nam a2200181 a 4500 | ||
|---|---|---|---|
| 003 | OSt | ||
| 005 | 20141106093521.0 | ||
| 008 | 041104s19uu xx 00 eng d | ||
| 050 |
_aPE 1112 _b.P398 2001 |
||
| 100 | _aTrask, R. L. | ||
| 245 |
_aThe Penguin guide to punctuation / _cR.L. Trask |
||
| 260 |
_aEngland ; _bPenguin Group . _c1997. |
||
| 300 |
_a162 p. : _c14 cm. |
||
| 650 | _aPunctuation. | ||
| 942 |
_cBK _2lcc |
||
| 999 |
_c25522 _d25522 |
||